[Event "ESP-ch U18"]
[Site "Spain"]
[Date "1997.??.??"]
[Round "3"]
[White "Aguado Alvarez, Francisco Jose"]
[Black "Gragera Ledesma, Francisco"]
[Result "1-0"]
[WhiteElo "2115"]
[BlackElo "1800"]
[PlyCount "51"]
[EventDate "1997.??.??"]
[EventType "swiss"]
[EventRounds "9"]
[EventCountry "ESP"]
[SourceTitle "EXT 2001"]
[Source "ChessBase"]
[SourceDate "2000.11.22"]
[SourceVersion "1"]
[SourceVersionDate "2000.11.22"]
[SourceQuality "1"]

1. e4 e5 2. Nf3 Nc6 3. Bc4 Nf6 4. d4 Nxd4 5. Bxf7+ Kxf7 6. Nxe5+ Ke8 7. Qxd4 d6 8. Nf3 Be7 9. Nc3 b6 10. Bg5 Kf7 11. 0-0-0 Nh5 12. Bxe7 Qxe7 13. Qd5+ Be6 14. Qxh5+ g6 15. Qh6 Ke8 16. Nd5 Bxd5 17. exd5 Kd7 18. Qh3+ Kd8 19. Rhe1 Qf7 20. Nd4 c6 21. Nxc6+ Kc7 22. Re7+ Qxe7 23. Nxe7 Rae8 24. Qc3+ Kb7 25. Qc6+ Ka6 26. Rd4 1-0